| 000 | 00919nam a22002177a 4500 | ||
|---|---|---|---|
| 005 | 20250207154557.0 | ||
| 008 | 250207b |||||||| |||| 00| 0 eng d | ||
| 020 | _a978-93-48229-90-8 (pbk) | ||
| 037 | _cTB | ||
| 040 |
_aCRL _cCRL |
||
| 041 |
_2hin _ahin |
||
| 084 |
_aNW44 152R4 _qCRL |
||
| 100 |
_aby राकेश, शिवानी _9734972 |
||
| 245 |
_aसिनेमा को पढ़ते हुए _b |
||
| 260 |
_aप्रयागराज, भारत: _bलोकभारती पेपरबैक्स, _c2024 |
||
| 300 | _a255 पृ0 | ||
| 365 |
_b399.00 _cINR |
||
| 650 | _aसिनेमा | ||
| 942 |
_2CC _cTB _hNW44 152R4 _n0 |
||
| 999 |
_c1238373 _d1238373 |
||